Statystyki dla Kraje Wedlug Inflacji

Kliknij tutaj aby rozwiązać quiz!

Ogólne statystyki

  • Ten quiz został rozwiązany 81 razy
  • Średni wynik to 18 z 42

Statystyki odpowiedzi

Kontynent:P.P Inflacji:Odpowiedz:% Poprawnych
Europa18.4Polska
97%
Ameryka Poludniowa156Wenezuela
76%
Ameryka Poludniowa102Argentyna
75%
Europa55.18Turcja
70%
Europa24.9Ukraina
69%
Europa18.7Litwa
66%
Europa20.3Lotwa
66%
Ameryka Poludniowa11.9Chile
63%
Europa25.4Wegry
63%
Ameryka Polnocna7.62Meksyk
61%
Ameryka Poludniowa13.28Kolumbia
60%
Ameryka Poludniowa8.65Peru
57%
Ameryka Polnocna44.5Kuba
54%
Europa25.9Moldawia
48%
Oceania7.8Australia
46%
Oceania7.2Nowa Zelandia
46%
Ameryka Poludniowa55.5Surinam
46%
Ameryka Polnocna49.3Haiti
43%
Azja53.4Iran
42%
Ameryka Polnocna11.1Nikaragua
40%
Ameryka Polnocna9.8Honduras
39%
Azja21.3Kazachstan
39%
Azja31.5Pakistan
39%
Ameryka Poludniowa8.7Trynidad i Tobago
39%
Ameryka Polnocna9.92Gwatemala
36%
Ameryka Polnocna7.8Jamajka
33%
Afryka63.3Sudan
33%
Afryka32Etiopia
31%
Azja139Syria
31%
Azja50.6Sri Lanka
30%
Afryka31.9Egipt
28%
Azja41.26Laos
28%
Oceania3.6Vanuatu
28%
Afryka87.6Zimbabwe
28%
Oceania1.5Fidzi
27%
Afryka31.3Sudan Poludniowy
25%
Ameryka Polnocna12.3Barbados
24%
Azja190Liban
24%
Oceania9.1Wyspy Salomona
19%
Afryka52.8Ghana
16%
Afryka38.48Sierra Leone
13%
Oceania6.25Papua Nowa Gwinea (PNG)
0%

Rozkład punktacji

Percentyl według liczby udzielonych odpowiedzi

Procent ludzi z każdym wynikiem

Twoja historia wyników

Nie rozwiązałeś tego quizu